000 00757nam a22002057a 4500
005 20180616111145.0
010 _a1718EN-30 ENG-121687 B-686406-407
020 _a9789380005157
_c125.00
035 _aB-686406-407
035 _aEN-105219
037 _bStar Pub.
_adpl
082 _a880.9
100 _aHudson, William Henry
245 _aAn outline history of english literature /
_cby William Henry Hudson
260 _aNoida
_bMaple Press
_c2017
270 _aA-63, Sector-58,
_bNoida
_e201301
300 _a296p.
_c21cm(pbk)
942 _2ddc
_cEN
_mHUD
_h880.9
999 _c145783
_d145783